000
00181 a2200085 4500
041
_a
spa
100
_a
Aguilar, Rosario
245
_a
La niਠblanca y los pajaros sin pies
942
_c
BK
999
_c
3962
_d
3962